00909 2200337 4500001002100000005001500021035002000036007000300056008004100059020002200100082001500122084001700137100002700154245005700181250002000238300002900258500001100287650001500298700002500313264003000338336002100368337003000389338002300419040002200442090002100464090002200485850001200507041000800519999002200527990002200549INLIS00000000085014920190801012214 a0010-0819000051ta190801s2018 yoi f 1 | ind d a978-979-29-6440-004223a241.63 a241.63 EVA k1 aEvans, TonyePengarang10aKingdom marriage /cTony Evans; penerjemah, Ester SW aCetakan pertama aix, 230 halaman ;c23 cm aindeks 4aPerkawinan0 aEster SWePenerjemah aYogyakarta :bAndi,c2018 2rdacontentateks 2rdamediaatanpa perantara 2rdacarrieravolume aYOPDYOGbinderda aDEP 241.63 EVA k aCB-D.11 2018-3215 aYOPDYOG1 aind aCB-D.11/2018-3215 aCB-D.11/2018-3215